Alle Päpste von 1900 bis heute - Statistiken

Allgemein
  • Dieses Quiz wurde 103 mal gespielt
    72 seit der letzten Aktualisierung
  • Das Durchschnittsergebnis liegt bei 11 aus 12
Antwortstatistiken
Bildquiz Hint Antwort % Korrekt
1914 - 1922 Benedikt XV
97%
2005 - 2013 Benedikt XVI
97%
1878 - 1903 Leo XIII
97%
2025 - Leo XIV
97%
1963 - 1978 Paul VI
97%
2013 - 2025 Franziskus
96%
1958 - 1963 Johannes XXIII
94%
1978 - 1978 Johannes Paul I
93%
1978 - 2005 Johannes Paul II
93%
1903 - 1914 Pius X
82%
1922 - 1939 Pius XI
82%
1939 - 1958 Pius XII
82%
Keine übereinstimmenden Quizze gefunden
Verteilung der Resultate
Anzahl Personen mit jedem Resultat
Perzentil nach korrekt beantworteten Fragen
Ihre Resultats-Entwicklung
Sie haben dieses Quiz seit der letzten Aktualisierung nicht gespielt